000 00824nam a2200229Ia 4500
003 GCL
008 140319s9999 xx 000 0 ara d
020 _a3454000977
040 _aGCL /
_cGCL
082 0 4 _a158.7
_bع ب
100 1 _aعبدالوهاب محمد كامل
245 1 0 _aبحوث فى علم النفس دراسة ميدانية \ تجريبية /
_cعبدالوهاب محمد كامل
260 _aالقاهرة :
_bمكتبة النهضة المصرية ،
_c1993
300 _a311 ص ؛
_c24 سم
650 0 4 _aالمدارس الابتدائية
650 0 4 _aعلم النفس التطبيقى
650 0 4 _aالبحث العلمى
650 0 4 _aالاطفال - علم نفس
650 0 4 _aالاضطرابات السلوكية
650 0 4 _aالاداء العقلى
942 _2ddc
_cBK
999 _c37649
_d37649